|
|
|
|
| LEADER |
00706nab a2200169 i 4500 |
| 001 |
misc23153 |
| 005 |
20191111110504.0 |
| 008 |
170803s1930 hu o 0|| zxx d |
| 040 |
|
|
|a SZTE Miscellanea Repozitórium
|b hun
|
| 041 |
|
|
|a zxx
|
| 100 |
1 |
|
|a Szontagh Vilmos
|
| 245 |
1 |
0 |
|a Közjogi problémáink szuverénitásunk szempontjából
|h [elektronikus dokumentum] :
|b széljegyzetek Molnár Kálmán pécsi egyetemi tanár "Magyar Közjog"-ában foglalt fejtegetésekhez és megállapításokhoz /
|c Szontagh Vilmos
|
| 260 |
|
|
|c 1930
|
| 300 |
|
|
|a 1-44
|
| 490 |
0 |
|
|a Kolligátum
|
| 695 |
|
|
|a Közjog - magyar, Alkotmányjog - magyar
|
| 856 |
4 |
0 |
|u http://misc.bibl.u-szeged.hu/23153/1/73675_001-044.pdf
|z Dokumentum-elérés
|